01324nam a2200205 a 4500008004100000020001500041050001800056100001800074245002800092246003100120260003800151350000900189995016700198995015800365995016700523999001700690952013700707952013700844952013700981120416s1999 ||||||||||||||||| || u a0074517120 aGB 1197.7 Kar aKaranth, K. R10aGround water assessment adevelopment and management aNew DelhibTata McGraw-Hillc1999 a0.00 aMAIN LIBRARY OPEN ACCESSD0.00e732261FCBU-MAIN LIBRARY (Kitwe)H3I60.00jGB 1197.7 KarM3UAVAILABLEWFeb 22, 2007y029753ZMain Library Open Access Collection aBINDERY (DAMAGED)D0.00e732262FCBU-MAIN LIBRARY (Kitwe)H1I60.00jGB 1197.7 KarM1UDAMAGEDWFeb 22, 2007y029751ZMain Library Open Access Collection aMAIN LIBRARY OPEN ACCESSD0.00e732263FCBU-MAIN LIBRARY (Kitwe)H2I60.00jGB 1197.7 KarM2UAVAILABLEWFeb 22, 2007y029752ZMain Library Open Access Collection c76019d76019 00102lcc4070a001b001cMain Library Open Access Collectiond2023-04-25l0oGB 1197.7 Karp029753r2023-04-25t1w2023-04-25y002 00102lcc4070a001b001cMain Library Open Access Collectiond2023-04-25l0oGB 1197.7 Karp029751r2023-04-25t2w2023-04-25y002 00102lcc4070a001b001cMain Library Open Access Collectiond2023-04-25l0oGB 1197.7 Karp029752r2023-04-25t3w2023-04-25y002